Chúa Nguyễn và các giai thoại mở đất phương Nam
שמור ב:
| מחבר ראשי: | |
|---|---|
| פורמט: | ספר |
| שפה: | Undetermined |
| יצא לאור: |
Tp. HCM
Trẻ
2002
|
| נושאים: | |
| תגים: |
הוספת תג
אין תגיות, היה/י הראשונ/ה לתייג את הרשומה!
|
| Thư viện lưu trữ: | Trung tâm Học liệu Trường Đại học Cần Thơ |
|---|
| LEADER | 00603nam a2200205Ia 4500 | ||
|---|---|---|---|
| 001 | CTU_47583 | ||
| 008 | 210402s9999 xx 000 0 und d | ||
| 082 | |a 959.703 | ||
| 082 | |b H309 | ||
| 100 | |a NGUYỄN HỮU HIẾU | ||
| 245 | 0 | |a Chúa Nguyễn và các giai thoại mở đất phương Nam | |
| 245 | 0 | |c NGUYỄN HỮU HIẾU | |
| 260 | |a Tp. HCM | ||
| 260 | |b Trẻ | ||
| 260 | |c 2002 | ||
| 650 | |a nguyen's dynasties,vietnam | ||
| 650 | |x history | ||
| 650 | |y 16th century | ||
| 904 | |i Trúc Phương | ||
| 980 | |a Trung tâm Học liệu Trường Đại học Cần Thơ | ||